The hermeneutical spiral : (Record no. 8705)

MARC details
000 -LEADER
fixed length control field 00984pam a2200265 a 4500
001 - CONTROL NUMBER
control field 2961154
003 - CONTROL NUMBER IDENTIFIER
control field GBCCL
005 - DATE AND TIME OF LATEST TRANSACTION
control field 20241126110656.0
008 - FIXED-LENGTH DATA ELEMENTS--GENERAL INFORMATION
fixed length control field 910816s1991 ilua b 001 0 eng
010 ## -
-- 91031967
020 ## - INTERNATIONAL STANDARD BOOK NUMBER
International Standard Book Number 0830812725 (alk. paper)
020 ## - INTERNATIONAL STANDARD BOOK NUMBER
Canceled/invalid ISBN 0830812723 (alk. paper)
040 ## - CATALOGING SOURCE
Original cataloging agency DLC
Transcribing agency DLC
Modifying agency DLC
050 00 -
-- BS476
-- .O79 1991
082 00 - DEWEY DECIMAL CLASSIFICATION NUMBER
Classification number 220.601
Edition information 20
Item number OSB
100 1# - MAIN ENTRY--PERSONAL NAME
Personal name Osborne, Grant R.
9 (RLIN) 15228
245 14 - TITLE STATEMENT
Title The hermeneutical spiral :
Remainder of title a comprehensive introduction to biblical interpretation /
Statement of responsibility, etc. Grant R. Osborne.
260 ## - PUBLICATION, DISTRIBUTION, ETC.
Place of publication, distribution, etc. Downers Grove, Ill. :
Name of publisher, distributor, etc. InterVarsity Press,
Date of publication, distribution, etc. c1991.
300 ## - PHYSICAL DESCRIPTION
Extent 499 p. :
Other physical details ill. ;
Dimensions 24 cm.
504 ## - BIBLIOGRAPHY, ETC. NOTE
Bibliography, etc. note Includes bibliographical references (p. [436]-480) and indexes.
630 00 - SUBJECT ADDED ENTRY--UNIFORM TITLE
Uniform title Bible
General subdivision Hermeneutics.
9 (RLIN) 1790
906 ## - LOCAL DATA ELEMENT F, LDF (RLIN)
a 7
b cbc
c orignew
d 1
e ocip
f 19
g y-gencatlg
942 ## - ADDED ENTRY ELEMENTS (KOHA)
Source of classification or shelving scheme Dewey Decimal Classification
Koha item type Books
Koha issues (borrowed), all copies 3
Holdings
Withdrawn status Lost status Source of classification or shelving scheme Damaged status Not for loan Home library Current Library Shelving location Date acquired Total checkouts Total renewals Full call number Barcode Date last seen Date last checked out Copy number Price effective from Koha item type
    Dewey Decimal Classification     GRACE BIBLE COLLEGE GRACE BIBLE COLLEGE Biblical Studies 2021-08-16 6 5 220.601 OSB 015148 2026-03-02 2026-02-18 c.1 2021-08-16 Books
© Grace Bible College Library 2025